<?xml version="1.0" encoding="UTF-8"?>
<record
    xmlns:xsi="http://www.w3.org/2001/XMLSchema-instance"
    xsi:schemaLocation="http://www.loc.gov/MARC21/slim http://www.loc.gov/standards/marcxml/schema/MARC21slim.xsd"
    xmlns="http://www.loc.gov/MARC21/slim">

  <leader>01640nam a2200289   4500</leader>
  <datafield tag="010" ind1=" " ind2=" ">
    <subfield code="a">A-110057</subfield>
  </datafield>
  <datafield tag="020" ind1=" " ind2=" ">
    <subfield code="c">300.00</subfield>
  </datafield>
  <datafield tag="035" ind1=" " ind2=" ">
    <subfield code="a">A-110057</subfield>
  </datafield>
  <datafield tag="037" ind1=" " ind2=" ">
    <subfield code="b">Cen Lib / Ret</subfield>
  </datafield>
  <datafield tag="040" ind1=" " ind2=" ">
    <subfield code="a">DPL</subfield>
    <subfield code="b">HN</subfield>
  </datafield>
  <datafield tag="082" ind1=" " ind2=" ">
    <subfield code="a">220.21</subfield>
    <subfield code="b">&#x915;&#x930;&#x92A;&#x93E;</subfield>
  </datafield>
  <datafield tag="100" ind1=" " ind2=" ">
    <subfield code="a">&#x915;&#x930;&#x92A;&#x93E;&#x924;&#x94D;&#x930;&#x92E;&#x939;&#x930;&#x93E;&#x91C;&#x93E;</subfield>
  </datafield>
  <datafield tag="245" ind1=" " ind2=" ">
    <subfield code="a">&#x935;&#x947;&#x926;&#x93E;&#x930;&#x94D;&#x925;&#x92A;&#x93E;&#x930;&#x93F;&#x91C;&#x93E;&#x924; /</subfield>
    <subfield code="c">&#x915;&#x930;&#x92A;&#x93E;&#x924;&#x94D;&#x930;&#x92E;&#x939;&#x930;&#x93E;&#x91C;&#x93E; ;&#x905;&#x928;&#x941;&#x935;&#x93E;&#x926;&#x915; &#x92C;&#x94D;&#x930;&#x91C;&#x935;&#x932;&#x94D;&#x932;&#x92D;&#x926;&#x93F;&#x935;&#x947;&#x926;&#x940; ; &#x938;&#x902;&#x92A;&#x93E;&#x926;&#x915; &#x92A;&#x91F;&#x94D;&#x91F;&#x93E;&#x92D;&#x93F;&#x930;&#x93E;&#x92E;&#x936;&#x93E;&#x938;&#x94D;&#x924;&#x94D;&#x930;&#x940;, &#x92E;&#x93E;&#x930;&#x94D;&#x915;&#x923;&#x94D;&#x921;&#x947;&#x92F; &#x92C;&#x94D;&#x930;&#x939;&#x94D;&#x92E;&#x91A;&#x93E;&#x930;&#x940; &#x914;&#x930; &#x917;&#x91C;&#x93E;&#x928;&#x928;&#x936;&#x93E;&#x938;&#x94D;&#x924;&#x94D;&#x930;&#x940;  &#x92E;&#x941;&#x938;&#x932;&#x917;&#x93E;&#x935;&#x915;&#x93E;&#x930;  </subfield>
  </datafield>
  <datafield tag="246" ind1=" " ind2=" ">
    <subfield code="a">Vedaarthpararijata /</subfield>
    <subfield code="b">by karpatr ; translated by Brijvallbhdiwedi ; edited by Pattabhiramshastri , Markandy Bharmachari and Gajannshastri Muslgaokar</subfield>
  </datafield>
  <datafield tag="260" ind1=" " ind2=" ">
    <subfield code="a">&#x915;&#x932;&#x915;&#x93E;&#x924;&#x93E;</subfield>
    <subfield code="b">&#x936;&#x94D;&#x930;&#x940;&#x930;&#x93E;&#x927;&#x93E;&#x915;&#x943;&#x937;&#x94D;&#x923; &#x927;&#x93E;&#x928;&#x941;&#x915;&#x93E; &#x92A;&#x94D;&#x930;&#x915;&#x93E;&#x936;&#x928; &#x938;&#x902;&#x938;&#x94D;&#x925;&#x93E;&#x928;</subfield>
    <subfield code="c">1938</subfield>
  </datafield>
  <datafield tag="270" ind1=" " ind2=" ">
    <subfield code="a">14 &#x928;&#x947;&#x924;&#x93E;&#x91C;&#x940; &#x938;&#x941;&#x92D;&#x93E;&#x937; &#x930;&#x94B;&#x921; </subfield>
    <subfield code="b">&#x915;&#x932;&#x915;&#x93E;&#x924;&#x93E;</subfield>
  </datafield>
  <datafield tag="300" ind1=" " ind2=" ">
    <subfield code="a">v 1.608p. ; v 2.609-2274p.</subfield>
    <subfield code="b">24cm(Hb)</subfield>
  </datafield>
  <datafield tag="650" ind1=" " ind2=" ">
    <subfield code="a">Hindu Relition</subfield>
  </datafield>
  <datafield tag="650" ind1=" " ind2=" ">
    <subfield code="a">Hindu philosophy</subfield>
  </datafield>
  <datafield tag="650" ind1=" " ind2=" ">
    <subfield code="a">&#x939;&#x93F;&#x902;&#x926;&#x942; &#x926;&#x930;&#x94D;&#x936;&#x928;</subfield>
  </datafield>
  <datafield tag="650" ind1=" " ind2=" ">
    <subfield code="a">&#x939;&#x93F;&#x902;&#x926;&#x942; &#x927;&#x930;&#x94D;&#x92E;</subfield>
  </datafield>
  <datafield tag="700" ind1=" " ind2=" ">
    <subfield code="a">&#x92C;&#x94D;&#x930;&#x91C;&#x935;&#x932;&#x94D;&#x932;&#x92D;&#x926;&#x93F;&#x935;&#x947;&#x926;&#x940;</subfield>
  </datafield>
  <datafield tag="700" ind1=" " ind2=" ">
    <subfield code="a">&#x92A;&#x91F;&#x94D;&#x91F;&#x93E;&#x92D;&#x93F;&#x930;&#x93E;&#x92E;&#x936;&#x93E;&#x938;&#x94D;&#x924;&#x94D;&#x930;&#x940;</subfield>
  </datafield>
  <datafield tag="700" ind1=" " ind2=" ">
    <subfield code="a">&#x92E;&#x93E;&#x930;&#x94D;&#x915;&#x923;&#x94D;&#x921;&#x947;&#x92F; &#x92C;&#x94D;&#x930;&#x939;&#x94D;&#x92E;&#x91A;&#x93E;&#x930;&#x940;</subfield>
  </datafield>
  <datafield tag="700" ind1=" " ind2=" ">
    <subfield code="a">&#x917;&#x91C;&#x93E;&#x928;&#x928;&#x936;&#x93E;&#x938;&#x94D;&#x924;&#x94D;&#x930;&#x940;  &#x92E;&#x941;&#x938;&#x932;&#x917;&#x93E;&#x935;&#x915;&#x93E;&#x930; </subfield>
  </datafield>
  <datafield tag="942" ind1=" " ind2=" ">
    <subfield code="2">ddc</subfield>
    <subfield code="c">HN</subfield>
    <subfield code="h">220.21</subfield>
    <subfield code="m">&#x915;&#x930;&#x92A;&#x93E;</subfield>
  </datafield>
  <datafield tag="999" ind1=" " ind2=" ">
    <subfield code="c">122233</subfield>
    <subfield code="d">122233</subfield>
  </datafield>
  <datafield tag="952" ind1=" " ind2=" ">
    <subfield code="0">0</subfield>
    <subfield code="1">0</subfield>
    <subfield code="3">v.1</subfield>
    <subfield code="4">0</subfield>
    <subfield code="7">1</subfield>
    <subfield code="8">REF</subfield>
    <subfield code="a">L</subfield>
    <subfield code="b">L</subfield>
    <subfield code="d">2016-03-09</subfield>
    <subfield code="e">Cen Lib/Ret</subfield>
    <subfield code="g">300.00</subfield>
    <subfield code="l">0</subfield>
    <subfield code="o">220.21 &#x915;&#x930;&#x92A;&#x93E;</subfield>
    <subfield code="p">A-110057</subfield>
    <subfield code="r">2016-03-09 00:00:00</subfield>
    <subfield code="t">1</subfield>
    <subfield code="v">300.00</subfield>
    <subfield code="w">2016-07-27</subfield>
    <subfield code="y">HN</subfield>
  </datafield>
  <datafield tag="952" ind1=" " ind2=" ">
    <subfield code="0">0</subfield>
    <subfield code="1">0</subfield>
    <subfield code="3">v.2</subfield>
    <subfield code="4">0</subfield>
    <subfield code="7">1</subfield>
    <subfield code="8">REF</subfield>
    <subfield code="a">L</subfield>
    <subfield code="b">L</subfield>
    <subfield code="d">2016-03-09</subfield>
    <subfield code="e">Cen Lib/Ret</subfield>
    <subfield code="g">300.00</subfield>
    <subfield code="l">0</subfield>
    <subfield code="o">220.21 &#x915;&#x930;&#x92A;&#x93E;</subfield>
    <subfield code="p">A-110058</subfield>
    <subfield code="r">2016-03-09 00:00:00</subfield>
    <subfield code="t">2</subfield>
    <subfield code="v">300.00</subfield>
    <subfield code="w">2016-07-27</subfield>
    <subfield code="y">HN</subfield>
  </datafield>
</record>
